100 Personnages de My Hero Academia par Images - Statistiques

Statistiques générales
  • Ce quiz a été pris 358 fois
    216 depuis la dernière actualisation
  • Le résultat moyen est 58 sur 100
Statistiques - réponses
Par images Hint Réponse % Correct
Seconde A Izuku Midoriya
99%
Seconde A Katsuki Bakugo
99%
Héros / Prof Yuei All Might
97%
Seconde A Shoto Todoroki
95%
Seconde A Tenya Iida
94%
Seconde A Ochaco Uraraka
93%
Vilain All For One
92%
Vilain Tomura Shigaraki
92%
Vilain Dabi
91%
Seconde A Eijiro Kirishima
91%
Héros Endeavor
91%
Héros / Prof Yuei Eraser Head
91%
Seconde A Momo Yaoyorozu
91%
Seconde A Tsuyu Asui
91%
Seconde A Minoru Mineta
90%
Seconde A Denki Kaminari
89%
Seconde A Fumikage Tokoyami
87%
Vilaine Himiko Toga
87%
Élève de Terminale Mirio Togata
87%
Héros Hawks
86%
Seconde A Mina Ashido
86%
Civile Eri
85%
Seconde A Kyoka Jiro
80%
Vilain Twice
80%
Héroïne / Prof Yuei Midnight
79%
Vilain Stain
79%
Héros Gran Torino
75%
Seconde A Hanta Sero
75%
Vilain Overhaul
74%
Héros Best Jeanist
72%
Héros / Prof Yuei Présent Mic
72%
Seconde A Yuga Aoyama
72%
Héros Fat Gum
71%
Élève de Filière Générale Hitoshi Shinso
70%
Seconde B Tetsutetsu Tetsutetsu
70%
Héros Sir Night Eye
69%
Vilain Kurogiri
68%
Héroïne Mount Lady
67%
Élève de Filière Assistance Mei Hatsume
66%
Vilain Muscular
65%
Héroïne Nana Shimura
65%
Vilain Spinner
65%
Héroïne Mirko
64%
Élève de Terminale Nejire Hado
64%
Seconde A Toru Hagakure
64%
Seconde A Koji Koda
63%
Élève de Terminale Tamaki Amajiki
63%
Vilain Gentle
61%
Civile Rei Todoroki
61%
Vilain Brainless
60%
Civile Fuyumi Todoroki
60%
Civil Kota Izumi
60%
Seconde B Neito Monoma
59%
Vilaine / Ancienne Héroïne Lady Nagant
58%
Seconde A Mashirao Ojiro
58%
Héros / Proviseur Yuei Nezu
58%
Seconde A Mezo Shoji
57%
Héroïne Star and Stripes
57%
Civil Natsuo Todoroki
56%
Vilaine Love Lover
55%
Héros / Prof Yuei Cementos
54%
Héros Dieu Sylvestre
54%
Seconde A Rikido Sato
54%
VIlain Gigantomakhia
53%
Civile Inko Midoriya
53%
Vilain Compress
52%
Héros Gang Orca
52%
Héroïne / Prof Yuei Numéro 13
52%
Héros / Prof Yuei Ectoplasm
50%
Vilain ReDestro
50%
Héroïne / Infirmière Yuei Recovery Girl
49%
Héros Edgeshot
48%
Héros Lock Lock
48%
Seconde B Itsuka Kendo
44%
Héroïne Ryukyu
40%
Héros / Prof Yuei Vlad King
40%
Héros Manual
34%
Héros Yoichi Shigaraki
34%
Élève de Ketsubutsu Yo Shindo
32%
Élève de Shiketsu Inasa Yoarashi
30%
Seconde B Ibara Shiozaki
28%
Civil Kotaro Shimura
28%
Civil Naomasa Tsukauchi
28%
Héroïne Mandalay
26%
Vilain Daruma Ujiko
24%
Héroïne Pixie Bob
23%
Héros Kudo
21%
Héros Daigoro Banjo
19%
Seconde B Kinoko Komori
19%
Vilain Skeptic
19%
Élève de Shiketsu Kemi Utsushimi
18%
Vilain Giran
17%
Vilain High End
17%
Seconde B Jurota Shishida
17%
Seconde B Shihai Kuroiro
17%
Seconde B Juzo Honenuki
16%
Vilain Kendo Rappa
15%
Héros Tora
15%
Élève de Shiketsu Seiji Shishikura
13%
Seconde B Kosei Tsuburaba
11%
Aucun quiz correspondant
Distribution des résultats
% des personnes avec chaque résultat
Percentile par nombre de réponses
Votre historique - résultats
Vous n’avez pas pris ce quiz depuis la dernière actualisation